Kriegsführung und Kriegsalltag im bayrisch-böhmischen Grenzgebiet

Titel: Kriegsführung und Kriegsalltag im bayrisch-böhmischen Grenzgebiet : Die Hussitenzeit im Spiegel der Quellen des Herzogtums Niederbayern-Straubing
Verfasser:
In: ˜Dieœ hussitische Revolution, (2012), Seite 235-250
alle Artikel anzeigen
Veröffentlicht: 2012
Format: Aufsatz
Sprache: Deutsch
Kein Bild verfügbar
X
alg: 39263669
001A    $01999:11-11-16 
001B    $01999:27-04-21 $t20:50:30.000 
001D    $01999:11-11-16 
001U    $0utf8 
001X    $00 
002@    $0Aox 
003@    $0392636697 
007A    $0392636697 $aHEB 
007T    $0Herdc0082930m 
010@    $ager 
011@    $a2012 
021A    $aKriegsführung und Kriegsalltag im bayrisch-böhmischen Grenzgebiet $dDie Hussitenzeit im Spiegel der Quellen des Herzogtums Niederbayern-Straubing 
028A    $aBleicher $dMichaela 
031A    $h235-250 $j2012 
039B    $aIn $8--Aau--. Die @hussitische Revolution. - Köln {[u.a.] : Böhlau, 2012. - VI, 292 S.. - ISBN 978-3-412-20891-2 $x201200000000000765 $9293910243 
045F    $a355.0094371 $eDDC23BSB 
045F/01 $a355.009 
045F/03 $g4371 

lok: 39263669 78

exp: 39263669 78 1 #EPN
201B/01 $026-11-17 $t01:12:42.000 
201U/01 $0utf8 
203@/01 $0788735381 
208@/01 $a11-11-16 $be 
209A/01 $a/ $f000 $x00 
220C/01 $aTitelaufnehmer: ds 
220C/01 $aHerkunft: HI Marburg 
220C/01 $aAnmerkung: *ng 
244Z/01 $#Tschechien $#Tschechische Republik $#Tschechische Republik $#Tschechenland $#Tschechei Tschechien $#Česká Republika $#Czech Republic $#ČR $74303381-7 $8--Tg1--Tschechien $x01 $9086659812 
244Z/01 $2Trx $#Böhmen $#Bohemia $#Czechy $8--Trx--Čechy $x02 $9391188941 
244Z/01 $aGeschichte 1421-1427 $x03 
244Z/01 $2Trx $#sõda, hussiitide 1419- 1436 $#husitų karai 1419-1436 $#Wars, Hussite Wars 1419-1436 $#huszita háborúk 1419-1436 $#wojny husyckie 1419-1436 $#vojny husitské 1419-1436 $#války husitské 1419-1436 $#Hussitenkriege $#Kreuzzüge $#Hussite Wars $#husitské vojny $#vęypravy križiacke $8--Trx--Kriege, Hussitenkriege$g1419-1436 $x04 $9391376098 
244Z/01 $2Trx $8--Trx--Einzelbeiträge $x05 $9391384570 
245Z/01 $a07.06 $x01 
247C/01 $82080>Marburg/Lahn, Herder-Institut, Forschungsbibliothek, Bibliographieportal $9336309341
LEADER 00000caa a22000002c 4500
001 392636697
003 DE-603
005 20210427205030.0
007 tu
008 161111s2012 xx |||| | u00||u|ger c
035 |a (DE-599)HEB392636697 
040 |a DE-603  |b ger  |c DE-603  |d DE-603 
041 |a ger 
082 0 4 |8 1\u  |a 355.0094371  |q DE-101  |2 23/BSB 
085 |8 1\u  |b 355.009 
085 |8 1\u  |z 2  |s 4371 
100 1 |a Bleicher, Michaela 
245 0 0 |a Kriegsführung und Kriegsalltag im bayrisch-böhmischen Grenzgebiet  |b Die Hussitenzeit im Spiegel der Quellen des Herzogtums Niederbayern-Straubing 
264 0 |c 2012 
773 0 8 |i In  |t ˜Dieœ hussitische Revolution  |d Köln ˜[u.a.] œ: Böhlau, 2012  |h VI, 292 S., 240 mm x 170 mm  |z 9783412208912  |z 3412208914  |g (2012), Seite 235-250  |w (DE-603)293910243 
924 0 |9 2080  |a (DE-603)788735381  |b DE-2080  |c HES  |d d  |g /